000 00222nam a2200085Ia 4500
008 120527s9999 xx 000 0 und d
100 _aHARBERMAN, R
245 _aElementary applied partial differential equations
942 _cBK
999 _c25626
_d25626